[Event "St Petersburg Korchnoi Memorial op"]
[White "Seryshev, Viktor"]
[Black "Zavadin, Mikhail"]
[Site "St Petersburg"]
[Round "6"]
[Result "1-0"]
[Date "2024.08.20"]
[WhiteElo "1791"]
[BlackElo "1609"]
[PlyCount "101"]
[EventDate "2024.08.17"]
[EventType "swiss"]
[EventRounds "9"]
[EventCountry "RUS"]
[SourceTitle "EXT 2025"]
[Source "ChessBase"]
[SourceDate "2024.10.14"]
[SourceVersion "1"]
[SourceVersionDate "2024.10.14"]
[SourceQuality "1"]

1. d4 d5 2. Bf4 Nf6 3. e3 c5 4. c3 Nc6 5. Nd2 Qb6 6. Qb3 c4 7. Qc2 g6 8. e4 e6 9. e5 Nd7 10. Ngf3 Bg7 11. b3 cxb3 12. axb3 f6 13. exf6 Nxf6 14. Bd3 Ne7 15. 0-0 0-0 16. Be5 Ng4 17. Bxg7 Kxg7 18. Rae1 Qd6 19. h3 Nh6 20. Ne5 Nf7 21. Ndf3 Nxe5 22. Nxe5 Bd7 23. Re2 Rae8 24. Rfe1 Bc8 25. Qb2 a6 26. Qd2 Nc6 27. h4 Nxe5 28. Rxe5 Rf6 29. f4 Ref8 30. g3 b5 31. b4 Qc7 32. h5 Qf7 33. Rg5 Qd7 34. Qc2 Qf7 35. Qd2 Qc7 36. Re2 Kf7 37. Rh2 gxh5 38. Rgxh5 h6 39. Rxh6 Rxh6 40. Rxh6 Rg8 41. Rh7+ Rg7 42. Rxg7+ Kxg7 43. Be2 Qf7 44. Qe3 Qc7 45. Qe5+ Qxe5 46. dxe5 Kf7 47. Kf2 Ke7 48. Ke3 Kd7 49. Kd4 Kc6 50. Bh5 Bd7 51. g4 1-0

[Event "St Petersburg Korchnoi Memorial op"]
[White "Zavadin, Mikhail"]
[Black "Zorina, Elizaveta1"]
[Site "St Petersburg"]
[Round "7"]
[Result "1-0"]
[Date "2023.08.22"]
[WhiteElo "1307"]
[BlackElo "1765"]
[PlyCount "86"]
[EventDate "2023.08.18"]
[EventType "swiss"]
[EventRounds "9"]
[EventCountry "RUS"]
[SourceTitle "CBM 216 Extra"]
[Source "ChessBase"]
[SourceDate "2023.11.30"]
[SourceVersion "1"]
[SourceVersionDate "2023.11.30"]
[SourceQuality "1"]

1. d4 Nf6 2. c4 g6 3. Nc3 Bg7 4. e4 d6 5. Be2 0-0 6. Nf3 e5 7. 0-0 Nc6 8. d5 Nd4 9. Nxd4 exd4 10. Qxd4 Re8 11. Qd3 Qe7 12. f3 Nh5 13. g3 f5 14. Bd2 Nf6 15. Rae1 fxe4 16. fxe4 Bh3 17. Rf4 g5 18. Rf3 h6 19. Bf1 Bg4 20. Rfe3 Nd7 21. Be2 Ne5 22. Qc2 Bxe2 23. Nxe2 Ng4 24. Rb3 Qxe4 25. Qxe4 Rxe4 26. Nc3 Rd4 27. Re2 Ne5 28. Be3 Rxc4 29. Rxb7 a6 30. Kg2 Nd3 31. Bd2 Ne5 32. h3 Kf7 33. Ne4 Kg6 34. Bc3 Nf7 35. b3 Rxc3 36. Nxc3 Bxc3 37. Rxc7 Be5 38. Rf2 Bf6 39. Rc6 a5 40. Re2 h5 41. Re6 a4 42. Re2 Kg7 43. Rc7 Kg6 1-0

[Event "St Petersburg Korchnoi Memorial op"]
[White "Tkachuk, Andrey1"]
[Black "Zavadin, Mikhail"]
[Site "St Petersburg"]
[Round "4"]
[Result "1-0"]
[Date "2023.08.20"]
[WhiteElo "1828"]
[BlackElo "1307"]
[PlyCount "67"]
[EventDate "2023.08.18"]
[EventType "swiss"]
[EventRounds "9"]
[EventCountry "RUS"]
[SourceTitle "CBM 216 Extra"]
[Source "ChessBase"]
[SourceDate "2023.11.30"]
[SourceVersion "1"]
[SourceVersionDate "2023.11.30"]
[SourceQuality "1"]

1. d4 d5 2. Bg5 h6 3. Bh4 Nf6 4. Bxf6 exf6 5. e3 Bf5 6. Bd3 Bxd3 7. Qxd3 c6 8. Nd2 Nd7 9. Ngf3 g6 10. 0-0 Bg7 11. c4 0-0 12. cxd5 cxd5 13. Qb3 Nb6 14. a4 Qd7 15. a5 Nc8 16. Ne1 Re8 17. Nd3 Bf8 18. Nf4 Ne7 19. Nb1 Rad8 20. Nc3 g5 21. Nd3 Nf5 22. g3 h5 23. Qd1 Nh6 24. Qf3 Kg7 25. Rad1 Nf5 26. Qxh5 Bd6 27. Qg4 Rh8 28. Nxd5 Rxh2 29. Nxf6 Kxf6 30. Ne5 Qe6 31. Kxh2 Rh8+ 32. Kg2 Bxe5 33. dxe5+ Kxe5 34. f4+ 1-0

[Event "St Petersburg Korchnoi Memorial op"]
[White "Ponomarev, Egor1"]
[Black "Zavadin, Mikhail"]
[Site "St Petersburg"]
[Round "2"]
[Result "1/2-1/2"]
[Date "2023.08.19"]
[WhiteElo "1653"]
[BlackElo "1307"]
[PlyCount "103"]
[EventDate "2023.08.18"]
[EventType "swiss"]
[EventRounds "9"]
[EventCountry "RUS"]
[SourceTitle "CBM 216 Extra"]
[Source "ChessBase"]
[SourceDate "2023.11.30"]
[SourceVersion "1"]
[SourceVersionDate "2023.11.30"]
[SourceQuality "1"]

1. e4 c5 2. Nf3 d6 3. Bb5+ Bd7 4. Bxd7+ Nxd7 5. 0-0 Ngf6 6. Qe2 g6 7. c3 Bg7 8. d4 0-0 9. e5 dxe5 10. dxe5 Ng4 11. Bf4 e6 12. Na3 a6 13. h3 Nh6 14. Rad1 Nf5 15. Nc4 Qc7 16. Rfe1 b5 17. Nd6 Ne7 18. h4 h5 19. g3 Nd5 20. Rxd5 exd5 21. e6 Qc6 22. Ng5 f6 23. Nf3 Ne5 24. Nxe5 fxe5 25. Bxe5 Bf6 26. f4 Be7 27. Qd3 Kh7 28. Nf7 Qxe6 29. Ng5+ Bxg5 30. hxg5 Rae8 31. Rc1 Rd8 32. a4 bxa4 33. Re1 Qb6 34. Qc2 d4 35. cxd4 cxd4 36. Qd3 Rd7 37. Rc1 Qb7 38. Rc2 Rc8 39. f5 Rxc2 40. fxg6+ Kg8 41. Qxc2 d3 42. Qc4+ Qd5 43. Qc8+ Rd8 44. Qc7 Rd7 45. Qc8+ Rd8 46. Qc7 Rd7 47. Qc8+ Rd8 48. Qc7 Rd7 49. Qc8+ Rd8 50. Qc7 Rd7 51. Qc8+ Rd8 52. Qc7 1/2-1/2

[Event "St Petersburg Korchnoi Memorial op"]
[White "Zavadin, Mikhail"]
[Black "Nochovniy, Vladimir Nikolaevic"]
[Site "St Petersburg"]
[Round "1"]
[Result "0-1"]
[Date "2023.08.18"]
[WhiteElo "1307"]
[BlackElo "1928"]
[PlyCount "55"]
[EventDate "2023.08.18"]
[EventType "swiss"]
[EventRounds "9"]
[EventCountry "RUS"]
[SourceTitle "CBM 216 Extra"]
[Source "ChessBase"]
[SourceDate "2023.11.30"]
[SourceVersion "1"]
[SourceVersionDate "2023.11.30"]
[SourceQuality "1"]

1. d4 d5 2. c4 c6 3. Nf3 Nf6 4. g3 e6 5. Bg2 Bd6 6. Nbd2 Nbd7 7. Qc2 0-0 8. 0-0 Re8 9. e4 Nxe4 10. Nxe4 dxe4 11. Qxe4 Nf6 12. Qe2 c5 13. dxc5 Bxc5 14. Rd1 Qb6 15. h3 e5 16. Nd2 Bf5 17. Nb3 Bd4 18. Bg5 Nd7 19. g4 Qg6 20. Be3 Bc2 21. Rd2 Bxb3 22. axb3 Nc5 23. Ra3 Qb6 24. Bxd4 exd4 25. Qd1 d3 26. Bd5 Re7 27. b4 Qxb4 28. Raxd3 0-1